000 00488nam a2200169 a 4500
001 0000-8526
003 ELIB.Books
008 110520 1962
035 _a(ELIB.Books)0000-8671
082 _a270
_bLat
100 _aLatourette, Kenneth Scott
245 _aThe Twentieth Century outside Europe. Volume V
260 _bGrand Rapids: Zondervan Publishing House
_c1962
650 _aChurch History
942 _2ddc
_cBK
998 _cbat
_e2011-05-20
_mcat
_u2019-06-30
999 _c8526
_d8526